<A> Methodology for benchmarking RTD organisations in central and eastern Europe Brighton 2002
Uložené v:
| Ďalší autori: | , , |
|---|---|
| Médium: | Kniha |
| Jazyk: | English |
| Vydavateľské údaje: |
Budapest
Budapest University of Technology and Economics
2002
|
| Predmet: | |
| Tagy: |
Žiadne tagy, Buďte prvý, kto otaguje tento záznam!
|
MARC
| LEADER | 00000nam a2200000 4500 | ||
|---|---|---|---|
| 001 | c143075 | ||
| 005 | 20221124094645.0 | ||
| 020 | |a 963-420-726-X | ||
| 041 | 0 | |a eng | |
| 044 | |a HU | ||
| 245 | 1 | 0 | |a <A> Methodology for benchmarking RTD organisations in central and eastern Europe |b Brighton 2002 |c [Edited by Katalin Dévai, Gábor Papanek, Balázs Borsi] |
| 264 | 1 | |a Budapest |b Budapest University of Technology and Economics |c 2002 | |
| 300 | |a 200 s. | ||
| 610 | 2 | 0 | |a vývoj podniku |
| 610 | 2 | 0 | |a benchmarking |
| 610 | 2 | 0 | |a inovácia |
| 610 | 2 | 0 | |a výskum |
| 610 | 2 | 0 | |a porovnanie medzinárodné |
| 610 | 2 | 0 | |a SVE |
| 610 | 2 | 0 | |a Európa |
| 610 | 2 | 0 | |a organizácie |
| 610 | 2 | 0 | |a rast podniku |
| 610 | 2 | 0 | |a Poľsko |
| 610 | 2 | 0 | |a Slovensko |
| 610 | 2 | 0 | |a Maďarsko |
| 610 | 2 | 0 | |a Slovinsko |
| 610 | 2 | 0 | |a Česko |
| 700 | 1 | |a Dévai, Katalin | |
| 700 | 1 | |a Papanek, Gábor | |
| 700 | 1 | |a Borsi, Balázs | |